[Minecraft] - Villager Professions - Statistics

General Stats
  • This quiz has been taken 54 times
  • The average score is 18 of 26
Answer Stats
Hint Answer % Correct
Profession Farmer
88%
Profession Fletcher
81%
Profession Librarian
81%
Job Site Block Composter
79%
Profession Cartographer
77%
Job Site Block Stonecutter
77%
Job Site Block Blast Furnace
72%
Job Site Block Loom
72%
Profession Toolsmith
72%
Profession Weaponsmith
72%
Profession Armorer
70%
Job Site Block Brewing Stand
70%
Profession Cleric
70%
Profession Fisherman
70%
Job Site Block Fletching Table
70%
Job Site Block Grindstone
70%
Profession Mason
70%
Job Site Block Smoker
70%
Job Site Block Barrel
67%
Profession Butcher
67%
Job Site Block Cartography Table
67%
Job Site Block Smithing Table
67%
Job Site Block Lectern
65%
Profession Shepherd
58%
Job Site Block Cauldron
51%
Profession Leatherworker
51%
No matching quizzes found
Score Distribution
Percent of People with Each Score
Percentile by Number Answered
Your Score History
You have not taken this quiz